| 000 | 00876nam a2200301Ia 4500 | ||
|---|---|---|---|
| 001 | 71669 | ||
| 003 | IT-RoPAU | ||
| 008 | 130308s9999 xx 000 0 und d | ||
| 040 | _aIT-RoPAU | ||
| 040 | _cIT-RoPAU | ||
| 041 | _aINGLESE | ||
| 100 | _aEco Umberto | ||
| 100 | _gCodice Aut. SPICS: 7017 | ||
| 245 | _aNarrative structure in Fleming (The) | ||
| 245 | _bPopular Culture-Past And Present | ||
| 250 | _a3a ed. | ||
| 260 | _aINGHILTERRA | ||
| 260 | _bCroom Helm | ||
| 260 | _c1986 [1° Ed.:1982 - Ed.Ling.Originale:1966] | ||
| 300 | _a"21 p. (prefazione: no ; testo: 21 [pagine: 242-262])" | ||
| 500 | _aStruttura Narrativa in Fleming Giustapposizione dei Caratteri e dei Valoriideologia Manichea | ||
| 650 | _aSAGGI DI COMUNICAZIONE SOCIALE | ||
| 650 | _eCodice materia Spics: 3807 | ||
| 942 | _cBK | ||
| 957 | _71 | ||
| 999 |
_c45213 _d45213 |
||
| 999 | _bSI | ||
| 999 | _g1 | ||